000 00778nam a2200253Ia 4500
003 OSt
005 20220926002844.0
006 a|||||r|||| 00| 0
007 ta
008 220923b |||||||| |||| 00| 0 eng d
020 _a9788125039495
_c165.75
037 _bCBS/384, 18/03/2013, CLASSIC BOOKS SERVICES
_cGeneral Book
040 _aRTL
_cRTL
_beng
041 _2eng
_aeng
082 _aY73(P164):1, N3
100 _aCURTIS Vesta Sarkhosh
_9283147
245 0 _aPersian myths
260 _a New Delhi
_bOrient Blackswan
_c1993
300 _a80p
_ccm.
490 _aLegendary Past
650 _aSociology
942 _hY73(P164):1, N3
_cGB
_2CC
999 _c606198
_d606198